000 00543nam a2200193Ia 4500
005 20250326123443.0
008 250326s9999 xx 000 0 und d
037 _aTextbook
040 _aFMSL
_beng
_cFMSL
041 _aeng
_2eng
084 _aD658(B) N5
_qFMSL
100 _aHair J F
_9735186
245 0 _aMultivariate data analysis with readings
_cHair J F And Others
250 _a4
260 _aNew Jersey
_bNew Jersey, Prentice Hall
_c1995
300 _a765p
942 _cTB
_hD658(B) N5
999 _c1269429
_d1269429